Eszkatologikus etika - immanens etika
Elmentve itt :
| Szerző: | |
|---|---|
| Adatforrás: | Philobibl |
| Forrásdokumentuma: | Vigilia 1971., 663-672. p. |
| Dokumentumtípus: | Cikk |
| Nyelv: | magyar |
| LEADER | 00276nab a2200097 c 4500 | ||
|---|---|---|---|
| 001 | bibDOK00017423 | ||
| 005 | 20200924121153.4 | ||
| 008 | 060518s1971 hu hun | ||
| 100 | 1 | |a Hahn István | |
| 245 | 1 | 0 | |a Eszkatologikus etika - immanens etika |c Hahn István |
| 773 | 0 | |t Vigilia |g 1971., 663-672. p. | |